Vývoj, formovanie a súčasné riadenie ekonomickej diplomacie v Slovenskej Republike

Ucelený obraz o funkciách, úlohe a systéme riadenia ekonomickej diplomacie v Slovenskej republike.

Na minha lista:
Detalhes bibliográficos
Autor principal: Hrinko, Ján, 1992-
Formato: Capítulo de Livro
Idioma:eslovaco
Assuntos:
Tags: Adicionar Tag
Sem tags, seja o primeiro a adicionar uma tag!

MARC

LEADER 00000naa$a2200000$$$4500
001 0289782
005 20240502074437.3
041 0 |a slo 
044 |a SK 
245 1 0 |a Vývoj, formovanie a súčasné riadenie ekonomickej diplomacie v Slovenskej Republike  |c Ján Hrinko 
520 |a Ucelený obraz o funkciách, úlohe a systéme riadenia ekonomickej diplomacie v Slovenskej republike. 
610 2 0 |a diplomacia 
610 2 0 |a diplomacia hospodárska 
610 2 0 |a obchod zahraničný 
610 2 0 |a modely 
610 2 0 |a modely obchodné 
610 2 0 |a modely obchodu zahraničného 
610 2 0 |a modely podnikateľské 
610 2 0 |a modely riadenia 
100 1 |a Hrinko, Ján, 1992-